Principios éticos en la vida universitaria y criterios para su instrumentación / (Registro nro. 659)

Detalles MARC
000 -LEADER
fixed length control field 00873 am a2200229 a 4500
005 - FECHA ULTIMA MODIFICACION
control field 20240701104025.0
008 - CAMPO DE CONTROL (LIBRO)
fixed length control field 100901s1999||||ag d f |||| 000 0 spa d
020 ## - INTERNATIONAL STANDARD BOOK NUMBER
ISBN S/N
041 ## - CODIGO DE IDIOMA
Código de idioma del texto/pista de sonido o título separado spa
092 ## - SIGNATURA TOPOGRAFICA DEWEY LOCAL
número de clasificación 174
libristica 53
sección MON
100 1# - ENTRADA PRINCIPAL--NOMBRE PERSONAL
Nombre personal Monti, Angel.
9 (RLIN) 1382
245 ## - TITULO PROPIAMENTE DICHO
Título Principios éticos en la vida universitaria y criterios para su instrumentación /
Mención de responsabilidad y remanente de la transcripción de la portada Angel Monti.
250 ## - MENCION DE EDICION
Mención de edición 1a ed.
260 ## - PIE DE IMPRENTA
Lugar de publicación, distribución, etc Buenos Aires:
Nombre de la editorial, distribuidor, etc Universidad Tecnológica Nacional;
Fecha de publicación 2000.
300 ## - DESCRIPCION FISICA
Extension 72 p.
500 ## - NOTA GENERAL
Nota general Monti, A. (2000). Principios éticos de la vida universitaria y criterios para su instrumentación. (1a ed.). Buenos Aires : Universidad Tecnológica Nacional.
653 ## - TÉRMINO INDIZADO - PALABRAS CLAVES
Palabra clave Tratamiento conceptual de lo ético
653 ## - TÉRMINO INDIZADO - PALABRAS CLAVES
Palabra clave Principios éticos en la vida universitaria
653 ## - TÉRMINO INDIZADO - PALABRAS CLAVES
Palabra clave Criterios para la instrumentación de los principios
930 ## - NUMERO DE INVENTARIO
Número de inventario 808
942 ## - ADDED ENTRY ELEMENTS (KOHA)
Source of classification or shelving scheme Dewey Decimal Classification
Item type Libros
Existencias
Estado de retiro Existencia Fuente de clasificación Estado general No para prestamo Colección Ubicación permanente ubicación actual Sala de ubicación Fecha de adquisición Total Checkouts Número de clasificación Código de barras Date last seen Número de ejemplar Price effective from Koha tipo de elemento (item) Public note
    Dewey Decimal Classification     Reference Biblioteca Medicina Biblioteca Medicina Referencia 13/05/2011   174 53 MON 808 06/11/2014 ej.1 02/09/2011 Reference LIBRO DE CONSULTA

UNIVERSIDAD NACIONAL DEL COMAHUE
Biblioteca de la Facultad de Ciencias Médicas
Sede Toschi: Los Arrayanes y Av. Toschi, Cipolletti  - Rio Negro
Sede Los Tordos:  Yrigoyen al 2211, Cipolletti - Rio Negro 

Teléfono: 0299 - 4774707 int 25
Contacto: biblioteca@facimed.uncoma.edu.ar
© 2011 - 2026